C++The Complete reference (Record no. 3784)

MARC details
000 -LEADER
fixed length control field 00334nam a2200145Ia 4500
008 - FIXED-LENGTH DATA ELEMENTS--GENERAL INFORMATION
fixed length control field 191201s2010 xx 000 0 und d
082 ## - DEWEY DECIMAL CLASSIFICATION NUMBER
Classification number 005.133
Item number SCC
100 ## - MAIN ENTRY--PERSONAL NAME
Personal name Schildt, Herbert
245 #0 - TITLE STATEMENT
Title C++The Complete reference
250 ## - EDITION STATEMENT
Edition statement Rep.
260 ## - PUBLICATION, DISTRIBUTION, ETC. (IMPRINT)
Place of publication, distribution, etc N.Delhi
Name of publisher, distributor, etc TMH
Date of publication, distribution, etc 2010
300 ## - PHYSICAL DESCRIPTION
Extent 1023
650 ## - SUBJECT ADDED ENTRY--TOPICAL TERM
Topical term or geographic name as entry element MCA
942 ## - ADDED ENTRY ELEMENTS (KOHA)
Source of classification or shelving scheme Dewey Decimal Classification
Koha item type Text Books
942 ## - ADDED ENTRY ELEMENTS (KOHA)
-- 1
Holdings
Withdrawn status Lost status Source of classification or shelving scheme Damaged status Not for loan Collection code Home library Current library Date acquired Source of acquisition Cost, normal purchase price Bill Number Total Checkouts Full call number Acc. no. / Barcode Date last seen Bill Date Koha item type Checked out Date last borrowed
    Dewey Decimal Classification     MCA PIET C-LIBRARY PIET C-LIBRARY 25/02/2009 J B C, New Delhi 475.00 SI-5377   005.133 SCC 11205 04/12/2019 27/01/2009 Text Books    
    Dewey Decimal Classification     Computer Science & Engineering in Cyber Security PIET C-LIBRARY PIET C-LIBRARY 25/02/2009 J B C, New Delhi 475.00 SI-5377   005.133 SCC 11206 04/12/2019 27/01/2009 Text Books    
    Dewey Decimal Classification     Computer Science & Engineering in Cyber Security PIET C-LIBRARY PIET C-LIBRARY 25/02/2009 J B C, New Delhi 475.00 SI-5377 1 005.133 SCC 11207 05/11/2020 27/01/2009 Text Books 19/11/2020 05/11/2020
    Dewey Decimal Classification     Computer Science & Engineering in Cyber Security PIET C-LIBRARY PIET C-LIBRARY 25/02/2009 J B C, New Delhi 475.00 SI-5377   005.133 SCC 11208 04/12/2019 27/01/2009 Text Books    

Design & Developed by: PIET Central Library
R70 Miles Stone Pattikalyana Samalkha Panipat 132102
mail ID :- [email protected], Phone No:- 0180-2569700 Ex.216